[Event "tm FRA 1st"]
[Site "France"]
[Date "1999.??.??"]
[Round "11"]
[White "Szabolcsi, Janos"]
[Black "Goldgewicht, Lionel"]
[Result "1/2-1/2"]
[WhiteElo "2448"]
[BlackElo "2353"]
[Annotator "Strasbourg-Orange"]
[PlyCount "121"]
[EventDate "1999.??.??"]

1. d4 e6 2. Nf3 d5 3. c4 Nf6 4. Bg5 Be7 5. e3 h6 6. Bh4 O-O 7. Nc3 b6 8. cxd5
Nxd5 9. Bxe7 Qxe7 10. Nxd5 exd5 11. Bd3 Be6 12. O-O c5 13. e4 Nd7 14. Re1 Nf6
15. e5 Nd7 16. h3 Rfc8 17. Rc1 Nf8 18. Bb1 Qd7 19. Qd2 Rc7 20. Nh2 Rac8 21. f4
Bf5 22. dxc5 Bxb1 23. Rxb1 Rxc5 24. Nf3 Rc2 25. Qe3 R2c4 26. Rbd1 Qb5 27. b3
Re4 28. Qd2 Qc5+ 29. Kh2 Qc2 30. Qxd5 Rxf4 31. Rc1 Qf5 32. g4 Rc2+ 33. Kg3
Rxf3+ 34. Qxf3 Qc8 35. Rxc2 Qxc2 36. Rf1 Qc7 37. Kg2 Ne6 38. Qe4 Ng5 39. Qe3
Qc6+ 40. Kh2 Qc2+ 41. Rf2 Qc6 42. h4 Ne6 43. Qf3 Qc7 44. Qa8+ Kh7 45. Qe4+ Kg8
46. Rc2 Qd8 47. Kg3 Nc5 48. Qe2 Qd4 49. Kh3 Nd3 50. Qd2 Qe4 51. e6 fxe6 52. h5
Qh1+ 53. Kg3 Qg1+ 54. Qg2 Qe3+ 55. Kh2 Ne1 56. Rc8+ Kh7 57. Qa8 Qf2+ 58. Kh3
Qe3+ 59. Kh2 Qf2+ 60. Kh3 Qe3+ 61. Kh2 1/2-1/2

[Event "tm FRA 1st"]
[Site "France"]
[Date "1999.??.??"]
[Round "11"]
[White "Brochet, Philippe"]
[Black "Roos, Daniel"]
[Result "1/2-1/2"]
[WhiteElo "2351"]
[BlackElo "2425"]
[Annotator "Orange-Strasbourg"]
[PlyCount "164"]
[EventDate "1999.??.??"]

1. e4 c6 2. d4 d5 3. e5 Bf5 4. Nf3 e6 5. Be3 Nd7 6. Be2 Ne7 7. O-O h6 8. c4
dxc4 9. Bxc4 Nb6 10. Bd3 Nbd5 11. Nc3 Bxd3 12. Qxd3 Ng6 13. Ne4 Be7 14. Nfd2
O-O 15. Nc4 Rb8 16. Rac1 Nb6 17. g3 Nxc4 18. Qxc4 Qd5 19. Qc2 Rbd8 20. f4 f5
21. exf6 Bxf6 22. Nc5 Ne7 23. Qg2 Nf5 24. Bf2 Nxd4 25. Kh1 Rf7 26. Rfd1 Qxg2+
27. Kxg2 e5 28. Rc4 Ne6 29. Rxd8+ Nxd8 30. fxe5 Bxe5 31. Nd3 Bb8 32. Re4 Rd7
33. Nc5 Rd2 34. Nxb7 Nxb7 35. Re8+ Kf7 36. Rxb8 Nd6 37. Kf3 a5 38. Bc5 Rd5 39.
Be3 Nc4 40. Rb7+ Kf6 41. Rc7 Nxb2 42. Rxc6+ Ke5 43. Rc7 Rd3 44. Ke2 Ra3 45. Rc2
Nd3 46. Bb6 Kd5 47. Bxa5 Nf4+ 48. gxf4 Rxa5 49. Kf3 Ke6 50. Kg4 g6 51. Rf2 Kf6
52. Kf3 Ke6 53. Ke4 Ra4+ 54. Kd3 Kd5 55. Kc3 Ke4 56. Kb3 Ra6 57. a4 Ke3 58. Rf1
Ke2 59. Rc1 Kf3 60. Kb4 Kxf4 61. Kb5 Ra8 62. Rc6 Rg8 63. a5 h5 64. a6 g5 65. a7
h4 66. Rb6 Ra8 67. Ka6 g4 68. Rh6 Kg5 69. Rh7 g3 70. h3 Kf6 71. Rxh4 Rg8 72.
Rf4+ Ke5 73. Rg4 Rxg4 74. hxg4 g2 75. a8=Q g1=Q 76. Qf3 Qb1 77. Qe3+ Kf6 78.
Qh6+ Kf7 79. Qf4+ Kg6 80. Ka5 Qa1+ 81. Kb5 Qf6 82. Qg3 Kg5 1/2-1/2

[Event "tm FRA 1st"]
[Site "France"]
[Date "1999.??.??"]
[Round "11"]
[White "Maier, Christian"]
[Black "Guadalpi, David"]
[Result "0-1"]
[WhiteElo "2353"]
[BlackElo "2279"]
[Annotator "Strasbourg-Orange"]
[PlyCount "72"]
[EventDate "1999.??.??"]

1. e4 c5 2. Nf3 Nc6 3. Bb5 g6 4. O-O Bg7 5. Nc3 Nd4 6. a4 e6 7. Re1 Ne7 8. Bf1
d6 9. Nxd4 cxd4 10. Nb5 O-O 11. b3 Nc6 12. g3 a6 13. Na3 Rb8 14. Nc4 b5 15.
axb5 axb5 16. Nb2 Qb6 17. Nd3 Bb7 18. Nf4 Rfc8 19. Ba3 Ne7 20. Bd3 e5 21. Nh3
b4 22. Bb2 d5 23. f3 Rf8 24. Nf2 Kh8 25. c3 dxc3 26. dxc3 f5 27. exf5 e4 28.
fxe4 dxe4 29. Bxe4 bxc3 30. Ba3 Bxe4 31. Rxe4 Rxf5 32. Qc2 Nd5 33. Rae1 Bd4 34.
R1e2 Ra8 35. Be7 Nxe7 36. Rxe7 Raf8 0-1

[Event "tm FRA 1st"]
[Site "France"]
[Date "1999.??.??"]
[Round "11"]
[White "Kovarcik, Thomas"]
[Black "Roos, Jean-Luc"]
[Result "1-0"]
[WhiteElo "2181"]
[BlackElo "2321"]
[Annotator "Orange-Strasbourg"]
[PlyCount "85"]
[EventDate "1999.??.??"]

1. e4 e6 2. d4 d5 3. e5 c5 4. c3 Nc6 5. Nf3 Qb6 6. Be2 cxd4 7. cxd4 Nh6 8. Bd3
Nf5 9. Bxf5 exf5 10. Nc3 Be6 11. O-O h6 12. Ne2 Be7 13. h4 O-O-O 14. Qc2 Kb8
15. Bd2 Rc8 16. Qd3 g6 17. Rfc1 Qd8 18. g3 Qd7 19. Bf4 Rh7 20. Kh2 Rch8 21. Rh1
Qd8 22. Qd2 Na5 23. b3 Ba3 24. Qd3 Nc6 25. Nc3 a6 26. Rad1 Qa5 27. Bd2 Qd8 28.
Bf4 Ka7 29. Nb1 Be7 30. Qd2 Qf8 31. Rc1 Qg7 32. a3 Bd8 33. b4 Nb8 34. a4 Qf8
35. Nc3 Be7 36. Rb1 b6 37. Rhc1 Bd8 38. Qa2 Qe8 39. Nb5+ Ka8 40. Rc7 f6 41.
exf6 Qg8 42. Rbc1 g5 43. f7 1-0

[Event "tm FRA 1st"]
[Site "France"]
[Date "1999.??.??"]
[Round "11"]
[White "Roos, Louis"]
[Black "Guidarelli, Laurent"]
[Result "0-1"]
[WhiteElo "2388"]
[BlackElo "2272"]
[Annotator "Strasbourg-Orange"]
[PlyCount "80"]
[EventDate "1999.??.??"]

1. e4 c5 2. Nc3 a6 3. g3 b5 4. Bg2 Bb7 5. d3 e6 6. Nf3 d6 7. O-O Nf6 8. Nh4 b4
9. Ne2 d5 10. e5 Nfd7 11. f4 Nc6 12. f5 exf5 13. Nxf5 Ndxe5 14. Nf4 g6 15. Ne3
Ne7 16. d4 cxd4 17. Qxd4 Bg7 18. Qxb4 Rb8 19. Qa4+ Bc6 20. Qa3 O-O 21. c3 Re8
22. Rd1 Qb6 23. Kh1 Nc4 24. Nxc4 dxc4 25. b4 f5 26. Qb2 Rbd8 27. Rf1 Bxg2+ 28.
Nxg2 Rd3 29. Rb1 Rxc3 30. Qd2 Qc6 31. a4 Rd3 32. b5 Qd5 33. Qf2 Bd4 34. Qa2
Rxg3 35. Bf4 Rh3 36. b6 g5 37. Bc7 g4 38. Rxf5 Qxf5 39. b7 Rb3 40. b8=Q Rexb8
0-1

[Event "tm FRA 1st"]
[Site "France"]
[Date "1999.??.??"]
[Round "11"]
[White "Kovarcik, Guillaume"]
[Black "Harovelo, Ingmar"]
[Result "1/2-1/2"]
[WhiteElo "2165"]
[BlackElo "2295"]
[Annotator "Orange-Strasbourg"]
[PlyCount "90"]
[EventDate "1999.??.??"]

1. Nc3 c5 2. e4 g6 3. f4 Bg7 4. Nf3 Nc6 5. Bb5 Nd4 6. O-O Nxb5 7. Nxb5 d6 8. d3
Nf6 9. Qe1 Bg4 10. e5 dxe5 11. fxe5 Nd5 12. Ng5 Qb6 13. Nd6+ exd6 14. exd6+ Kd8
15. Nxf7+ Kd7 16. Nxh8 Bd4+ 17. Kh1 Rxh8 18. c3 Bf6 19. Rxf6 Nxf6 20. Qe7+ Kc8
21. Qxf6 Re8 22. Bf4 Qxb2 23. Rf1 Qf2 24. Bg3 Qxf6 25. Rxf6 Be6 26. a3 Kd7 27.
h4 b5 28. h5 gxh5 29. Rh6 Bf5 30. Rxh5 Rf8 31. Rg5 Rf7 32. Kg1 Bg6 33. d4 cxd4
34. cxd4 a5 35. Be1 Kxd6 36. Bxa5 Bd3 37. Bb4+ Ke6 38. d5+ Kf6 39. Rg3 Be4 40.
d6 Ke6 41. Rg5 Bg6 42. Rg3 Be4 43. Re3 Kd5 44. Rc3 Kd4 45. Rc1 Bd3 1/2-1/2

[Event "tm FRA 1st"]
[Site "France"]
[Date "1999.??.??"]
[Round "11"]
[White "Mensch, Etienne"]
[Black "Kovarcik, Gilles"]
[Result "1-0"]
[WhiteElo "2249"]
[BlackElo "2058"]
[Annotator "Strasbourg-Orange"]
[PlyCount "45"]
[EventDate "1999.??.??"]

1. d4 d5 2. c4 Nc6 3. cxd5 Qxd5 4. e3 e5 5. Nc3 Bb4 6. Bd2 Bxc3 7. Bxc3 exd4 8.
Ne2 Bg4 9. f3 Bxf3 10. gxf3 Qxf3 11. Nxd4 Qxh1 12. Nxc6 Nf6 13. Bxf6 gxf6 14.
Nd4 Qxh2 15. Qa4+ c6 16. O-O-O Qe5 17. Kb1 Rd8 18. Bd3 Rg8 19. Qb3 Rg2 20. Qxb7
Rf2 21. Nxc6 Qe4 22. Qxf7+ Kxf7 23. Nxd8+ 1-0

[Event "tm FRA 1st"]
[Site "France"]
[Date "1999.??.??"]
[Round "11"]
[White "Guadalpi, Celine"]
[Black "Chapelle, Emilie"]
[Result "1-0"]
[WhiteElo "1980"]
[BlackElo "2011"]
[Annotator "Orange-Strasbourg"]
[PlyCount "65"]
[EventDate "1999.??.??"]

1. d4 Nf6 2. Nf3 e6 3. c3 b6 4. Bg5 Be7 5. Nbd2 Bb7 6. h3 c5 7. e3 d6 8. Bd3
Nbd7 9. O-O h6 10. Bf4 Qc7 11. Qc2 O-O-O 12. b4 Nd5 13. bxc5 bxc5 14. Bh2 g5
15. Rfb1 N5b6 16. a4 Rdg8 17. Be4 Bxe4 18. Qxe4 Nf6 19. Qd3 Kd7 20. a5 Nbd5 21.
dxc5 Qxc5 22. Rb7+ Nc7 23. a6 Rc8 24. Nd4 Ke8 25. N2b3 Qd5 26. c4 Qe4 27. Qxe4
Nxe4 28. Nc6 Bf6 29. Nxa7 Bxa1 30. Nxc8 Kd8 31. Nxd6 Nxd6 32. Bxd6 Nxa6 33.
Nxa1 1-0

[Event "tm FRA 1st"]
[Site "France"]
[Date "1999.??.??"]
[Round "11"]
[White "Lohou, Stephane"]
[Black "Kozakov, Mikhail"]
[Result "0-1"]
[WhiteElo "2179"]
[BlackElo "2420"]
[Annotator "Chess XV-Le Mans"]
[PlyCount "90"]
[EventDate "1999.??.??"]

1. e4 c5 2. b3 Nc6 3. Bb2 e5 4. f4 exf4 5. Nf3 d6 6. Bb5 Nf6 7. Nc3 Be7 8. e5
dxe5 9. Nxe5 Qc7 10. Nxc6 bxc6 11. Be2 O-O 12. O-O Bf5 13. Kh1 Rad8 14. Bf3 Nd5
15. Bxd5 cxd5 16. Qf3 Qd7 17. d3 Bg5 18. Rae1 Bg4 19. Qf2 Qd6 20. Ba3 Rc8 21.
d4 Qh6 22. Nxd5 Bh4 23. Qd2 Bxe1 24. Rxe1 Kh8 25. Bxc5 Rfe8 26. Kg1 Rxe1+ 27.
Qxe1 f3 28. Qe3 Qg6 29. Qf2 Re8 30. Ne7 Qe4 31. h3 Bh5 32. gxf3 Bxf3 33. d5 Bh5
34. d6 Rd8 35. c4 Bg6 36. Ba3 f5 37. c5 f4 38. Bb2 Qb1+ 39. Kh2 Be4 40. Bxg7+
Kxg7 41. Qd4+ Kf7 42. Qc4+ Kg7 43. Qd4+ Kf8 44. Ng6+ Kf7 45. Ne5+ Ke6 0-1

[Event "tm FRA 1st"]
[Site "France"]
[Date "1999.??.??"]
[Round "11"]
[White "Bernard, Jacques"]
[Black "Marcelin, Cyril"]
[Result "1/2-1/2"]
[WhiteElo "2199"]
[BlackElo "2383"]
[Annotator "Chess XV-Le Mans"]
[PlyCount "62"]
[EventDate "1999.??.??"]

1. e4 c5 2. Nf3 d6 3. d4 Nf6 4. Nc3 cxd4 5. Nxd4 Nc6 6. Bg5 Bd7 7. Qd2 Rc8 8.
O-O-O Nxd4 9. Qxd4 Qa5 10. Bd2 a6 11. Kb1 Qc5 12. Qxc5 Rxc5 13. f3 h5 14. Be3
Rc7 15. Nd5 Nxd5 16. exd5 g6 17. Bb6 Rc8 18. Bd3 Bg7 19. Rhe1 h4 20. f4 Bf6 21.
Re4 Bg4 22. Rde1 h3 23. g3 Bf3 24. Rc4 Rxc4 25. Bxc4 Rh5 26. Bb3 g5 27. fxg5
Rxg5 28. c4 Be5 29. Ba4+ Kf8 30. Bd7 f5 31. Bf2 f4 1/2-1/2

[Event "tm FRA 1st"]
[Site "France"]
[Date "1999.??.??"]
[Round "11"]
[White "Berthelot, Yannick"]
[Black "Bakus, Michel"]
[Result "1/2-1/2"]
[WhiteElo "2327"]
[BlackElo "2160"]
[Annotator "Le Mans-Chess XV"]
[PlyCount "56"]
[EventDate "1999.??.??"]

1. e4 c5 2. Nf3 e6 3. d4 cxd4 4. Nxd4 Nc6 5. Nb5 d6 6. c4 Nf6 7. N1c3 a6 8. Nd4
Qc7 9. Be3 Bd7 10. Be2 Be7 11. O-O Nxd4 12. Qxd4 O-O 13. f3 Rfc8 14. Rfc1 Qb8
15. a4 Be8 16. a5 Nd7 17. Na4 Nc5 18. Nb6 Nb3 19. Qd3 Nxc1 20. Rxc1 Qc7 21.
Nxa8 Rxa8 22. Bb6 Qc6 23. Rd1 Rc8 24. b3 f6 25. f4 Bf7 26. Bf3 e5 27. Bg4 Re8
28. Kh1 h5 1/2-1/2

[Event "tm FRA 1st"]
[Site "France"]
[Date "1999.??.??"]
[Round "11"]
[White "Schabanel, Stephane"]
[Black "Karr, Jean-Philippe"]
[Result "0-1"]
[WhiteElo "2217"]
[BlackElo "2347"]
[Annotator "Chess XV-Le Mans"]
[PlyCount "54"]
[EventDate "1999.??.??"]

1. e4 c5 2. Nc3 Nc6 3. f4 g6 4. Nf3 Bg7 5. Bb5 Nd4 6. a4 a6 7. Bd3 d6 8. Nxd4
cxd4 9. Ne2 Nf6 10. O-O Nd7 11. Bc4 d5 12. Bxd5 Nf6 13. Bb3 Nxe4 14. d3 Nd6 15.
Ng3 O-O 16. Qe2 a5 17. Re1 e6 18. Ne4 b6 19. Nxd6 Qxd6 20. Bc4 Bb7 21. Bd2 Rfc8
22. Qf2 Rc5 23. Re2 Rac8 24. b3 Rh5 25. Rae1 Re8 26. Qg3 Bf6 27. Qf2 Bh4 0-1

[Event "tm FRA 1st"]
[Site "France"]
[Date "1999.??.??"]
[Round "11"]
[White "Blot, Jerome"]
[Black "Bouton, Christophe"]
[Result "1/2-1/2"]
[WhiteElo "2253"]
[BlackElo "2238"]
[Annotator "Le Mans-Chess XV"]
[PlyCount "87"]
[EventDate "1999.??.??"]

1. d4 d5 2. c4 e6 3. Nc3 c5 4. e3 Nf6 5. Nf3 Nc6 6. Be2 cxd4 7. exd4 dxc4 8.
Bxc4 Be7 9. O-O O-O 10. Bg5 a6 11. a4 Bd7 12. Rc1 Nb4 13. Qe2 Qa5 14. Qe5 Qd8
15. Rfd1 Bc6 16. Qe2 Nbd5 17. Bb3 Qe8 18. Ra1 Bd6 19. Bc2 Qb8 20. Ne5 g6 21. h4
Nd7 22. Re1 Nxc3 23. bxc3 Re8 24. h5 Nxe5 25. dxe5 Be7 26. Bf4 Qc7 27. Qg4 Bf8
28. Re3 Rad8 29. Rh3 Bg7 30. Re1 Rd5 31. hxg6 hxg6 32. Qh4 Qa5 33. Qh7+ Kf8 34.
Bg5 Rxe5 35. Rxe5 Qxe5 36. Qh4 f6 37. Bf4 Qd5 38. Rg3 g5 39. Qh7 Re7 40. Bc1
Qa2 41. Kh2 b5 42. axb5 axb5 43. f4 Rd7 44. Be3 1/2-1/2

[Event "tm FRA 1st"]
[Site "France"]
[Date "1999.??.??"]
[Round "11"]
[White "Dacalor, Aurelie"]
[Black "Borzakian, Manouk"]
[Result "1-0"]
[WhiteElo "2105"]
[BlackElo "2059"]
[Annotator "Le Mans-Chess XV"]
[PlyCount "107"]
[EventDate "1999.??.??"]

1. d4 g6 2. c4 Bg7 3. Nc3 d6 4. e4 Nc6 5. Be3 e5 6. d5 Nd4 7. Nge2 Nxe2 8. Bxe2
f5 9. exf5 Bxf5 10. g4 Bd7 11. Qd3 Nf6 12. Bg5 O-O 13. f3 Qe8 14. O-O-O e4 15.
Nxe4 Nxe4 16. Qxe4 Qxe4 17. fxe4 Rae8 18. h3 Rxe4 19. Bd3 Re5 20. Bd2 Rf3 21.
Kc2 Re7 22. b3 Ref7 23. Rde1 Be5 24. Be3 b6 25. Be4 Bg3 26. Bxf3 Bxe1 27. Be4
Bf2 28. Bg5 Bd4 29. Kd3 Bf6 30. Bd2 Bh4 31. a4 a5 32. Be3 Bf2 33. Bg5 Bc5 34.
Re1 Rf2 35. Re2 Rxe2 36. Kxe2 Kg7 37. Bd8 Kf7 38. Kf3 Ke8 39. Bg5 Bd4 40. Bh4
Be5 41. Bg5 Bc8 42. h4 Bg7 43. h5 Kf7 44. hxg6+ hxg6 45. Bd8 Bd4 46. Bxc7 Ke7
47. Bxg6 Kd7 48. Bb8 Bc5 49. Kf4 Kd8 50. Bf5 Bb4 51. g5 Bxf5 52. Kxf5 Kd7 53.
Kf6 Bc3+ 54. Kg6 1-0